000 00486pab a2200181 454500
008 180718b2002 xxu||||| |||| 00| 0 eng d
100 _aGidadhubli, R.G.
245 _aFarm land law of Russia: changing course of history?
260 _c2002
300 _ap.3587-590.
362 _a31 Aug
650 _aLand - Russia
650 _aAgricultural land - Russia
650 _aAgricultural land
700 _aMohanty, Arun
773 _aEconomic and Political Weekly
909 _a53590
999 _c53590
_d53590